| 000 | 00643nam a22001937a 4500 | ||
|---|---|---|---|
| 999 |
_c175758 _d175758 |
||
| 005 | 20200924144515.0 | ||
| 010 | _aUR-10872 | ||
| 020 |
_c200.00 _a9789389733839 |
||
| 035 | _aU-9427 | ||
| 037 | _bDBAD/PUB | ||
| 082 | _aن | ||
| 100 | _aا د ر يس صد يقی | ||
| 245 |
_aجہا ں ا و ر بھی ہيں _cا د ر يس صد يقی |
||
| 246 |
_bJahan Aur Bhi Hai (Urdu) _aby Idrees Siddiqui |
||
| 260 |
_aN.Delhi _bEducational Publishing House _c2020 ء |
||
| 270 |
_aH.O.D1/16,Ansari Road,Darya ganj, _bN.Delhi _e110002 _k45678285,23216162 _l0091-11-23211540 |
||
| 300 |
_a192 ص _c22 Cm(Hb) |
||
| 942 |
_2ddc _cUR _hن _mص د ی |
||